000
00299nam a22001337a 4500
008
190222b xxu||||| |||| 00| 0 eng d
020
_a
9780815101031
041
_a
eng
080
_a
610.73
100
_a
1
101
_a
INF
245
_a
Operating Room Technique
_c
Atkinson, L.J
942
_2
udc
_c
BK
999
_c
54113
_d
54113